| 000 | 01741nam a2200217Ia 4500 | ||
|---|---|---|---|
| 999 |
_c7146 _d7146 |
||
| 008 | 200103s 2016 ||||xx |||||||||||||| ||und|| | ||
| 020 | _a9789339204655 | ||
| 082 |
_a620.106 _bCEN |
||
| 100 | _aCengel, Yunus A. | ||
| 245 | 0 | _aFluid mechanics in SI units: fundamentals and applications | |
| 250 | _a3rd | ||
| 260 |
_bMcGraw Hill Education (India) Private Limited _c2016 _aNew Delhi |
||
| 300 | _axxiv, 986 p.: ill. | ||
| 504 | _aContents Introduction and basic concepts Properties of fluids Pressure and fluid statics Fluid kinematics Bernoulli and energy equations Momentum analysis of flow systems Dimensional analysis and modeling Internal flow Differential analysis of fluid flow Approximate solutions of the Navier-Stokes equation External flow: drag and lift Compressible flow Open-channel flow Turbomachinery Introduction to computational fluid dynamics | ||
| 520 | _aFluid mechanics is an exciting and fascinating subject with unlimited practical applications ranging from microscopic biological systems to automobiles, airplanes, and spacecraft propulsion. Fluid mechanics has also historically been one of the most challenging subjects for undergraduate students because proper analysis of fluid mechanics problems requires not only knowledge of the concepts but also physical intuition and experience. Our hope is that this book, through its careful explanations of concepts and its use of numerous practical examples, sketches, figures, and photographs, bridges the gap between knowledge and the proper application of that knowledge | ||
| 650 | _aFluid dynamics | ||
| 650 | _aFluid mechanics | ||
| 700 |
_aCimbala, John M. _eCo-author |
||
| 700 |
_aKanoglu, Mehmet _eCo-author |
||
| 942 | _cBK | ||